Ototoxizität von Vancomycin bei systemischer Applikation: eine tierexperimentelle Untersuchung

Saved in:
Bibliographic Details
Main Author: Schmitt-Enders, Christian (Author)
Format: Book/Monograph Thesis
Language:German
Published: 1993
Subjects:
Online Access: Get full text
Author Notes:vorgelegt von Christian Schmitt-Enders

MARC

LEADER 00000cam a2200000 c 4500
001 1109378564
003 DE-627
005 20260402141456.0
007 tu
008 940607s1993 xx ||||| m 00| ||ger c
035 |a (DE-627)1109378564 
035 |a (DE-576)03937856X 
035 |a (DE-599)BSZ03937856X 
035 |a (OCoLC)1581178767 
035 |a (OCoLC)75446166 
040 |a DE-627  |b ger  |c DE-627  |e rakwb 
041 |a ger 
084 |a 33  |2 sdnb 
100 1 |a Schmitt-Enders, Christian  |0 (DE-588)1157375928  |0 (DE-627)1021220094  |0 (DE-576)502894598  |4 aut 
245 1 0 |a Ototoxizität von Vancomycin bei systemischer Applikation  |b eine tierexperimentelle Untersuchung  |c vorgelegt von Christian Schmitt-Enders 
264 1 |c 1993 
300 |a 56 S.  |b Ill. 
336 |a Text  |b txt  |2 rdacontent 
337 |a ohne Hilfsmittel zu benutzen  |b n  |2 rdamedia 
338 |a Band  |b nc  |2 rdacarrier 
502 |a Heidelberg, Univ., Diss., 1994 
583 1 |a Archivierung prüfen  |c 20200919  |f DE-640  |z 2  |2 pdager 
583 1 |a Archivierung/Langzeitarchivierung gewährleistet  |f DISS  |x XA-DE-BW  |2 pdager  |5 DE-16 
655 7 |a Hochschulschrift  |0 (DE-588)4113937-9  |0 (DE-627)105825778  |0 (DE-576)209480580  |2 gnd-content 
751 |a Heidelberg  |0 (DE-588)4023996-2  |0 (DE-627)106300814  |0 (DE-576)208952578  |4 uvp 
951 |a BO 
992 |a 20260324 
993 |a Thesis 
994 |a 1994 
998 |g 1157375928  |a Schmitt-Enders, Christian  |m 1157375928:Schmitt-Enders, Christian  |d 50000  |d 51001  |e 50000PS1157375928  |e 51001PS1157375928  |k 0/50000/  |k 1/50000/51001/  |p 1  |x j  |y j 
999 |a KXP-PPN1109378564  |e 4941576519 
BIB |a Y 
JSO |a {"noteThesis":["Heidelberg, Univ., Diss., 1994"],"name":{"displayForm":["vorgelegt von Christian Schmitt-Enders"]},"title":[{"title_sort":"Ototoxizität von Vancomycin bei systemischer Applikation","title":"Ototoxizität von Vancomycin bei systemischer Applikation","subtitle":"eine tierexperimentelle Untersuchung"}],"physDesc":[{"extent":"56 S.","noteIll":"Ill."}],"id":{"eki":["1109378564"]},"language":["ger"],"type":{"bibl":"thesis"},"recId":"1109378564","origin":[{"dateIssuedKey":"1993","dateIssuedDisp":"1993"}],"person":[{"display":"Schmitt-Enders, Christian","role":"aut","family":"Schmitt-Enders","given":"Christian"}]} 
SRT |a SCHMITTENDOTOTOXIZIT1993